000
00368nam a2200145Ia 4500
008
231129s1995||||xx |||||||||||||| ||spa||
020
_a
958-04-2901-4
040
_b
spa
082
_a
(i) 808.068543 B617a
100
_a
Birmajer Marcelo
245
0
_a
El alma al diablo
260
_c
1995
264
_a
Norma
942
_2
ddc
_c
BKS
999
_c
10130
_d
10130